[Event "PRO League Group Stage"]
[Site "chess.com INT"]
[Date "2018.02.28"]
[Round "8"]
[White "Meier, Georg"]
[Black "Yanchenko, Roman"]
[Result "1/2-1/2"]
[WhiteTitle "GM"]
[BlackTitle "FM"]
[WhiteElo "2647"]
[BlackElo "2436"]
[WhiteTeam "Stockholm Snowballs"]
[BlackTeam "London Towers"]
[WhiteFideId "4675789"]
[BlackFideId "4137329"]
[EventDate "2018.01.18"]

1. Nf3 d5 2. g3 Nf6 3. Bg2 g6 4. d4 Bg7 5. c4 c6 6. b3 O-O 7. O-O Ne4 8. Bb2 Nd7
9. e3 b5 10. cxb5 cxb5 11. Qe2 a5 12. Rc1 Ba6 13. Qd1 e6 14. Nbd2 Nxd2 15. Qxd2
Qb6 16. Ne5 Nxe5 17. dxe5 Rfc8 18. Bd4 Qd8 19. Bf1 Bf8 20. Rxc8 Rxc8 21. a4 Bb4
22. Qd3 Rb8 23. Rc1 Qd7 24. h4 h5 25. Kg2 Ba3 26. Ra1 Bb4 27. Be2 Qc6 28. Rb1
Kg7 29. Rb2 Qd7 30. Ra2 Qe7 31. Rc2 Qb7 32. Rc1 Ba3 33. Ra1 Bb4 34. Rb1 Qc6 35.
Kh3 Qd7 36. Qd1 Ra8 37. Qf1 Rb8 38. Kg2 Qb7 39. Bd3 Bc3 40. Rc1 Bd2 41. Rc5 Bb4
42. Rc2 Qd7 43. Ra2 Qb7 44. Qe2 Qc6 45. Rc2 Qb7 46. Kh2 Qd7 47. Rc1 Qb7 48. Kh3
Qd7 49. Rg1 Be7 50. g4 hxg4+ 51. Rxg4 bxa4 52. Bxa6 axb3 53. Bd3 a4 54. Kg2 Rh8
55. Bb5 Qb7 56. Bxa4 Bxh4 57. Qb2 Qb4 58. Bxb3 Be7 59. Qc3 Qb7 60. Bc2 Rh6 61.
Rg3 Qb8 62. Bd3 Qh8 63. Bc2 Rh1 64. e4 Qh2+ 65. Kf3 Bh4 66. Rxg6+ Kxg6 67. exd5+
Kg7 68. dxe6 Qh3+ 69. Ke2 Qxc3 70. Bxc3 fxe6 71. Bd4 Bg5 72. Be4 Rh3 73. Bc6 Kf7
74. Bb5 Rb3 75. Bc6 Bf4 76. Bd7 Ra3 77. Bc6 Ra5 78. Be4 Bxe5 79. Be3 Ra3 80. Bc6
Ra2+ 81. Kf3 Kf6 82. Ke4 Rc2 83. Bb5 Rb2 84. Bc6 Rb4+ 85. Kd3 Rh4 86. Bb7 Bf4
87. Bd4+ Ke7 88. Bc5+ Bd6 89. Be3 Rb4 90. Bc6 Kf6 91. Bd4+ Be5 92. Be3 Rb2 93.
Ke4 Ra2 94. Kd3 Bh2 95. Bd4+ e5 96. Be3 Bg1 97. Bd5 Rb2 98. Kc3 Rb5 99. Be4 Ra5
100. Kb3 Ke6 101. Kc3 Ra3+ 102. Kd2 Ra2+ 103. Bc2 Kd6 104. Kc3 Ra8 105. Kd3 Ra3+
106. Ke4 Ra2 107. Kd3 e4+ 108. Kc3 Ke5 109. f4+ exf3 110. Bxg1 Kf4 111. Bf2
Rxc2+ 112. Kxc2 Ke4 113. Kd2 Kd5 114. Ba7 Ke6 115. Ke3 Kd7 116. Kxf3 1/2-1/2

[Event "PRO League Group Stage"]
[Site "chess.com INT"]
[Date "2018.02.28"]
[Round "8"]
[White "Meier, Georg"]
[Black "Rendle, Thomas E"]
[Result "1-0"]
[WhiteTitle "GM"]
[BlackTitle "IM"]
[WhiteElo "2647"]
[BlackElo "2362"]
[WhiteTeam "Stockholm Snowballs"]
[BlackTeam "London Towers"]
[WhiteFideId "4675789"]
[BlackFideId "408760"]
[EventDate "2018.01.18"]

1. Nf3 f5 2. c4 Nf6 3. Nc3 d6 4. d4 g6 5. g3 Bg7 6. Bg2 O-O 7. O-O c6 8. Rb1 Na6
9. b4 Nc7 10. a4 Rb8 11. b5 Bd7 12. Qc2 h6 13. Nh4 Qe8 14. Rd1 Nh5 15. bxc6 Bxc6
16. Bxc6 Qxc6 17. Nxg6 Rf7 18. Qxf5 Nf6 19. Qd3 Rc8 20. d5 Qa6 21. c5 dxc5 22.
Qxa6 bxa6 23. Ne5 Nfxd5 24. Nxd5 Bxe5 25. Nxc7 Rxc7 26. Bxh6 c4 27. Rd5 Bf6 28.
Be3 e6 29. Rd6 Rfd7 30. Rb8+ Kf7 31. Rxd7+ Rxd7 32. Rc8 c3 33. f4 Rb7 34. g4 Rb4
35. g5 Bg7 36. h4 Kg6 37. Rc7 Bd4 38. Kf2 Kf5 39. Bxd4 Rxd4 40. e3 Rd2+ 41. Kf3
c2 42. h5 e5 43. e4+ Ke6 44. f5+ Kd6 45. Rc4 Rd3+ 46. Kg4 Rd4 47. Rxc2 Rxe4+ 48.
Kg3 Rf4 49. Rf2 1-0

[Event "PRO League Group Stage"]
[Site "chess.com INT"]
[Date "2018.02.28"]
[Round "8"]
[White "Guseinov, Gadir"]
[Black "Melkumyan, Hrant"]
[Result "0-1"]
[WhiteTitle "GM"]
[BlackTitle "GM"]
[WhiteElo "2646"]
[BlackElo "2654"]
[WhiteTeam "Estonia Horses"]
[BlackTeam "Armenia Eagles"]
[WhiteFideId "13401378"]
[BlackFideId "13302485"]
[EventDate "2018.01.18"]

1. e4 Nf6 2. e5 Nd5 3. d4 d6 4. Nf3 Nc6 5. exd6 exd6 6. c4 Nb6 7. Be3 Be7 8. Nc3
O-O 9. Be2 Bg4 10. b3 f5 11. d5 Bf6 12. Rc1 Bxf3 13. Bxf3 Ne5 14. O-O f4 15.
Bxb6 axb6 16. a4 Qd7 17. Nb5 Rae8 18. h3 Re7 19. Bg4 Nxg4 20. Qxg4 Qe8 21. Rcd1
h5 22. Qxf4 Be5 23. Qd2 Rf3 24. Qc2 Qf7 25. Rd3 Qf4 26. g3 Qf5 27. Rfd1 Bxg3 28.
Nd4 Bxf2+ 29. Qxf2 Qg6+ 30. Qg2 Rxd3 31. Qxg6 Rxd1+ 32. Kg2 Rxd4 33. Qxh5 Rf4
34. Qg5 Rf6 35. Qg4 Ref7 36. Qc8+ Kh7 37. Qxb7 Rg6+ 38. Kh2 Rf2+ 39. Kh1 Rf1+
40. Kh2 Rf2+ 41. Kh1 Rf3 42. Kh2 Rfg3 43. h4 Rg2+ 44. Kh1 R2g4 0-1

[Event "PRO League Group Stage"]
[Site "chess.com INT"]
[Date "2018.02.28"]
[Round "8"]
[White "Guseinov, Gadir"]
[Black "Grigoryan, Karen H."]
[Result "1/2-1/2"]
[WhiteTitle "GM"]
[BlackTitle "GM"]
[WhiteElo "2646"]
[BlackElo "2581"]
[WhiteTeam "Estonia Horses"]
[BlackTeam "Armenia Eagles"]
[WhiteFideId "13401378"]
[BlackFideId "13301004"]
[EventDate "2018.01.18"]

1. e4 g6 2. d4 Bg7 3. Nc3 d6 4. Nf3 a6 5. Be2 Nf6 6. O-O O-O 7. Re1 Nc6 8. d5
Nb8 9. Bf4 c6 10. a4 cxd5 11. exd5 Bg4 12. Nd2 Bxe2 13. Qxe2 Re8 14. Nde4 Nbd7
15. Nxf6+ Nxf6 16. a5 Rc8 17. Be3 Qc7 18. Bb6 Qc4 19. Ra4 Qxe2 20. Rxe2 Nd7 21.
Bd4 Bxd4 22. Rxd4 Rc5 23. Ra4 Nf6 24. Rd2 Rec8 25. f3 Rc4 26. Rd4 Rxa4 27. Rxa4
Rc5 28. Rb4 Nxd5 29. Nxd5 Rxd5 30. Rxb7 Rxa5 31. Rxe7 Ra2 32. Rb7 a5 33. c4 a4
34. h4 a3 35. bxa3 Rxa3 36. Kf2 Ra2+ 37. Kg3 Rc2 38. Rd7 Rxc4 39. Rxd6 h5 1/2-1/2

[Event "PRO League Group Stage"]
[Site "chess.com INT"]
[Date "2018.02.28"]
[Round "8"]
[White "Akobian, Varuzhan"]
[Black "Patel, Advait"]
[Result "1-0"]
[WhiteTitle "GM"]
[BlackTitle "IM"]
[WhiteElo "2647"]
[BlackElo "2478"]
[WhiteTeam "Saint Louis Arch Bishops"]
[BlackTeam "Montclair Sopranos"]
[WhiteFideId "13300580"]
[BlackFideId "2075105"]
[EventDate "2018.01.18"]

1. d4 Nf6 2. c4 g6 3. Nc3 Bg7 4. Nf3 O-O 5. Bg5 c5 6. d5 b5 7. cxb5 a6 8. e4
axb5 9. Bxf6 Bxf6 10. e5 Bg7 11. Bxb5 d6 12. exd6 exd6 13. O-O Qa5 14. Qb3 Ba6
15. a4 Qb4 16. Nd2 Rd8 17. Qxb4 cxb4 18. Nce4 Bb7 19. Nc4 Bxd5 20. Nexd6 Bf8 21.
Nb6 Rxd6 22. Nxa8 Bxa8 23. Rfd1 Nc6 24. Rxd6 Bxd6 25. Rc1 Na7 26. Rd1 Bc7 27.
Rd7 Nxb5 28. axb5 Bb6 29. Rd6 Bc7 30. Ra6 Bd5 31. b6 Bd8 32. Ra5 Bc6 33. Ra7 Kg7
34. b7 Bc7 35. Ra8 Bxb7 36. Ra7 Be5 37. Rxb7 Bxb2 38. Rxb4 Be5 39. Rb7 h5 40. h3
Kf6 41. Kf1 Ke6 42. Ke2 f6 43. Kd3 Kf5 44. Rb5 Kf4 45. Rb4+ Kf5 46. Ke3 Bd6 47.
Rb5+ Ke6 48. Ke4 Bc7 49. Rc5 f5+ 50. Kf3 Bd6 51. Rc6 Kd5 52. Ra6 Ke5 53. Ke2 g5
54. Kd3 h4 55. Ra5+ Ke6 56. Kd4 Bf4 57. Ra6+ Kf7 58. Kd5 Bh2 59. Rc6 Bf4 60. Ra6
Bh2 61. Kc6 Kf6 62. Kd5+ Kf7 63. Ra4 Kf6 64. Ra3 Kf7 65. Kc6 Kf6 66. Re3 Bf4 67.
Re2 Be5 68. Kd7 g4 69. Re3 Bf4 70. Re6+ Kg5 71. Ke7 Bd2 72. Kf7 Kf4 73. Kg6 Bc3
74. Rc6 Bd4 75. Rc4 Ke5 76. Rxd4 Kxd4 77. Kxf5 gxh3 78. gxh3 Kd3 79. Kg4 1-0

[Event "PRO League Group Stage"]
[Site "chess.com INT"]
[Date "2018.02.28"]
[Round "8"]
[White "Akobian, Varuzhan"]
[Black "Erenburg, Sergey"]
[Result "1-0"]
[WhiteTitle "GM"]
[BlackTitle "GM"]
[WhiteElo "2647"]
[BlackElo "2564"]
[WhiteTeam "Saint Louis Arch Bishops"]
[BlackTeam "Montclair Sopranos"]
[WhiteFideId "13300580"]
[BlackFideId "2805642"]
[EventDate "2018.01.18"]

1. d4 d5 2. c4 c6 3. cxd5 cxd5 4. Nc3 Nf6 5. Nf3 Nc6 6. Bf4 a6 7. Rc1 Bf5 8. e3
Rc8 9. Be2 e6 10. O-O Bb4 11. a3 Bxc3 12. Rxc3 Ne4 13. Rc1 O-O 14. Qb3 Na5 15.
Qb4 Rc6 16. Rxc6 bxc6 17. Rc1 f6 18. h3 g5 19. Bh2 Rf7 20. Bxa6 Ra7 21. Bd3 Rb7
22. Qe1 Rxb2 23. Rb1 Qb6 24. Bc7 Rxb1 25. Bxb6 Rxe1+ 26. Nxe1 Nc4 27. Bxc4 dxc4
28. f3 Nd2 29. e4 Bg6 30. a4 c5 31. Bxc5 Be8 32. a5 Nb3 33. a6 Bc6 34. a7 Kf7
35. Kf2 Ke8 36. Ke3 Kd7 37. Nc2 f5 38. Bb6 f4+ 39. Ke2 Kc8 40. Nb4 Ba8 41. d5
exd5 42. exd5 Kb7 43. Bf2 Kc7 44. Kd1 Kd6 45. Kc2 Na5 46. Kc3 Kc7 47. Bc5 Kb7
48. Kd4 Kc7 49. Kc3 Kb7 50. Bd4 Kc7 51. Bf6 Kb6 52. Bd8+ Kb5 53. Bxa5 Kxa5 54.
Kxc4 Kb6 55. Nc6 h6 56. Kd4 Kc7 57. Ke5 Kd7 58. Nd4 Ke7 59. Ne6 1-0

[Event "PRO League Group Stage"]
[Site "chess.com INT"]
[Date "2018.02.28"]
[Round "8"]
[White "Aghasaryan, Robert"]
[Black "Ruiz Castillo, Joshua Daniel"]
[Result "1-0"]
[WhiteTitle "GM"]
[BlackTitle "IM"]
[WhiteElo "2531"]
[BlackElo "2368"]
[WhiteTeam "Las Vegas Desert Rats"]
[BlackTeam "Rio Grande Ospreys"]
[WhiteFideId "13302841"]
[BlackFideId "4400704"]
[EventDate "2018.01.18"]

1. d4 Nf6 2. c4 e6 3. g3 d5 4. Nf3 Bb4+ 5. Nbd2 O-O 6. Bg2 dxc4 7. Qc2 Be7 8.
Nxc4 Nc6 9. e3 Bd7 10. O-O Nb4 11. Qb3 Bc6 12. a3 Na6 13. Qc3 Bd5 14. b4 c6 15.
Na5 Qb6 16. Ne5 Bxg2 17. Kxg2 Qb5 18. Qd3 Qxd3 19. Nxd3 Rab8 20. Rb1 Nc7 21. Nc5
Bxc5 22. bxc5 e5 23. Rxb7 Rxb7 24. Nxb7 exd4 25. exd4 Ne6 26. Be3 Rb8 27. Na5
Nd8 28. Re1 Rb5 29. Bd2 Kf8 30. a4 Rb2 31. Bf4 Ra2 32. Bd6+ Kg8 33. Be7 Ne6 34.
Bxf6 gxf6 35. Nxc6 Rxa4 36. Ne7+ Kf8 37. Nf5 Rb4 38. c6 Rb5 39. Rxe6 1-0

[Event "PRO League Group Stage"]
[Site "chess.com INT"]
[Date "2018.02.28"]
[Round "8"]
[White "Aghasaryan, Robert"]
[Black "Bortnyk, Olexandr"]
[Result "0-1"]
[WhiteTitle "GM"]
[BlackTitle "GM"]
[WhiteElo "2531"]
[BlackElo "2610"]
[WhiteTeam "Las Vegas Desert Rats"]
[BlackTeam "Rio Grande Ospreys"]
[WhiteFideId "13302841"]
[BlackFideId "14120828"]
[EventDate "2018.01.18"]

1. d4 Nf6 2. c4 b6 3. f3 Bb7 4. e4 e6 5. Nc3 Bb4 6. Bd3 c5 7. d5 exd5 8. cxd5
O-O 9. Ne2 d6 10. O-O a6 11. Bg5 b5 12. Kh1 Nbd7 13. f4 c4 14. Bc2 Re8 15. Ng3
Qb6 16. Qf3 Bc5 17. Nf5 Kh8 18. Rae1 Ng8 19. Nxg7 Kxg7 20. Qg4 Kf8 21. Qxd7 Bc8
22. Qc6 Qa7 23. Nxb5 axb5 24. Qxb5 Rb8 25. Qxc4 Ba6 26. Qc3 Bxf1 27. Rxf1 Bd4
28. Qd3 Rxb2 29. e5 Qc5 30. Bb3 Rf2 31. Rd1 dxe5 32. Qxh7 Qd6 33. f5 Qa6 34. h4
Rf1+ 35. Kh2 Rxd1 36. d6 Bg1+ 37. Kh1 Bf2+ 38. Kh2 Rh1+ 39. Kxh1 Qf1+ 40. Kh2
Qg1+ 41. Kh3 Qh1+ 42. Kg4 Qxg2+ 43. Kh5 Qf3# 0-1

[Event "PRO League Group Stage"]
[Site "chess.com INT"]
[Date "2018.02.28"]
[Round "8"]
[White "Khachiyan, Melikset"]
[Black "Stukopin, Andrey"]
[Result "1-0"]
[WhiteTitle "GM"]
[BlackTitle "GM"]
[WhiteElo "2522"]
[BlackElo "2590"]
[WhiteTeam "Las Vegas Desert Rats"]
[BlackTeam "Rio Grande Ospreys"]
[WhiteFideId "13300512"]
[BlackFideId "24107131"]
[EventDate "2018.01.18"]

1. e4 c5 2. Nc3 Nc6 3. Bb5 e6 4. Nf3 Nge7 5. O-O Nd4 6. Nxd4 cxd4 7. Ne2 Nc6 8.
c3 Bc5 9. Qa4 dxc3 10. bxc3 a6 11. d4 Be7 12. d5 Ne5 13. Bf4 Bf6 14. Nd4 O-O 15.
Be2 exd5 16. exd5 d6 17. Rab1 Qc7 18. Qb4 Bd7 19. Qxb7 Qxc3 20. Bxe5 dxe5 21.
Nc6 Bf5 22. Rb3 Qc5 23. Rd1 Bc2 24. Qb6 Qd6 25. Qb4 Qxb4 26. Rxb4 Bxd1 27. Bxd1
Rac8 28. Rb7 Rfd8 29. Bb3 a5 30. Kf1 a4 31. Nxd8 axb3 32. Nc6 bxa2 33. Ra7 Kf8
34. Rxa2 g6 35. Ra7 e4 36. Ke2 Bd8 37. Rb7 h5 38. Ke3 f5 39. Kd4 h4 40. Kc5 h3
41. gxh3 Bh4 42. d6 Bxf2+ 43. Kd5 e3 44. Nd4 Kg8 45. d7 Rd8 46. Ke6 Bh4 47. Rc7
Kf8 48. Rc8 f4 49. Nf3 Be7 50. h4 e2 51. Rc2 Rb8 52. Rc8+ Kg7 53. Rxb8 Bxh4 54.
Rb1 e1=Q+ 55. Rxe1 1-0

[Event "PRO League Group Stage"]
[Site "chess.com INT"]
[Date "2018.02.28"]
[Round "8"]
[White "Khachiyan, Melikset"]
[Black "Ynojosa Aponte, Felix Jose"]
[Result "1/2-1/2"]
[WhiteTitle "GM"]
[BlackTitle "IM"]
[WhiteElo "2522"]
[BlackElo "2387"]
[WhiteTeam "Las Vegas Desert Rats"]
[BlackTeam "Rio Grande Ospreys"]
[WhiteFideId "13300512"]
[BlackFideId "3900258"]
[EventDate "2018.01.18"]

1. e4 c5 2. Nf3 Nc6 3. d4 cxd4 4. Nxd4 e5 5. Nf5 Nf6 6. Nc3 d5 7. Nxd5 Nxe4 8.
Nfe3 Be6 9. Bc4 Bc5 10. O-O O-O 11. c3 a6 12. Qd3 Nd6 13. Bb3 Qd7 14. Nc2 Na5
15. Be3 e4 16. Qd1 Nxb3 17. axb3 Rac8 18. Bxc5 Rxc5 19. Nf4 Bxb3 20. Qd2 Bxc2
21. Qxc2 Qg4 22. g3 Re5 23. Rfe1 Rfe8 24. Qd1 Qd7 25. Ra4 Qc6 26. Rd4 Nf5 27.
Rd8 g6 28. Rxe8+ Qxe8 29. Qd2 h5 30. Rd1 e3 31. fxe3 Nxe3 32. Re1 Ng4 33. Rxe5
Qxe5 34. h3 Ne3 35. Kf2 Nf5 36. h4 b5 37. Ne2 Kg7 38. Qd3 a5 39. Qf3 b4 40. cxb4
axb4 41. b3 Qc5+ 42. Kg2 Ne3+ 43. Kh1 Ng4 44. Kg2 Qc2 45. Kh1 Ne5 46. Qe3 Ng4
47. Qf3 Qd1+ 48. Kg2 Qd2 49. Kh1 Ne3 50. Kg1 Nf5 51. Kf2 Nd4 52. Qe3 Qxe3+ 53.
Kxe3 Nxb3 54. Kd3 Kf6 55. Kc4 Nd2+ 56. Kxb4 Kf5 57. Kc3 Ne4+ 58. Kd4 Nxg3 59.
Nxg3+ Kg4 60. Ne4 f5 61. Nf6+ Kxh4 62. Ke3 Kg3 63. Nd5 g5 64. Ne7 f4+ 65. Ke4 f3
66. Nf5+ Kf2 67. Nd4 g4 68. Kf4 Kg2 69. Nf5 Kh3 70. Ke3 Kg2 71. Nh4+ Kg3 72.
Nf5+ Kg2 73. Nh4+ Kh3 74. Nxf3 Kg3 75. Ne5 h4 76. Nxg4 Kxg4 77. Kf2 Kh3 78. Kg1
Kg3 79. Kh1 h3 80. Kg1 h2+ 81. Kh1 Kh3 1/2-1/2

[Event "PRO League Group Stage"]
[Site "chess.com INT"]
[Date "2018.02.28"]
[Round "8"]
[White "Grabinsky, Aaron"]
[Black "Liang, Awonder"]
[Result "0-1"]
[BlackTitle "GM"]
[WhiteElo "2359"]
[BlackElo "2572"]
[WhiteTeam "Webster Windmills"]
[BlackTeam "Pittsburgh Pawngrabbers"]
[WhiteFideId "2087090"]
[BlackFideId "2056437"]
[EventDate "2018.01.18"]

1. d4 Nf6 2. Bf4 c5 3. e3 g6 4. c3 Bg7 5. Nf3 O-O 6. Nbd2 d6 7. h3 b6 8. Be2 Bb7
9. O-O Nbd7 10. a4 a6 11. Bh2 Ne4 12. Re1 Nxd2 13. Nxd2 Qc7 14. Bf3 b5 15. axb5
axb5 16. Qb3 Bxf3 17. Nxf3 Qc6 18. Bg3 h6 19. e4 Nb6 20. d5 Qd7 21. Bf4 g5 22.
Bg3 Na4 23. Qc2 Nb6 24. Qb3 f5 25. Rxa8 Nxa8 26. exf5 Rxf5 27. Qc2 Rxd5 28. Qe4
Nb6 29. Qxe7 Qxe7 30. Rxe7 Na4 31. Re2 Rd1+ 32. Kh2 c4 33. Rc2 Kf7 34. Nd2 Ke6
35. h4 d5 36. hxg5 hxg5 37. Kh3 Kf5 38. Bd6 g4+ 39. Kg3 Bh6 40. f4 Nc5 41. Bxc5
Rxd2 42. Rxd2 Bxf4+ 43. Kf2 Bxd2 44. Ke2 Bc1 45. Ba3 Kf4 46. Kd1 Be3 47. Ke2 Ke4
48. Bd6 d4 49. cxd4 Bxd4 50. Ba3 c3 51. bxc3 Bxc3 52. Kf2 b4 53. Bxb4 Bxb4 54.
Kg1 Kf4 55. Kh1 Kg3 56. Kg1 Bf8 57. Kh1 Bd6 58. Kg1 Bc7 59. Kh1 Kf2 60. g3 Kf3
61. Kg1 Bd6 62. Kh1 Be5 63. Kg1 Bxg3 64. Kh1 Bf4 65. Kg1 Kg3 66. Kh1 Kh3 67. Kg1
Bg5 68. Kh1 Bh4 69. Kg1 Bf6 70. Kh1 g3 71. Kg1 Be5 72. Kh1 Bg7 73. Kg1 Bd4+ 74.
Kh1 g2# 0-1

[Event "PRO League Group Stage"]
[Site "chess.com INT"]
[Date "2018.02.28"]
[Round "8"]
[White "Grabinsky, Aaron"]
[Black "Song, Edward"]
[Result "0-1"]
[BlackTitle "FM"]
[WhiteElo "2359"]
[BlackElo "2319"]
[WhiteTeam "Webster Windmills"]
[BlackTeam "Pittsburgh Pawngrabbers"]
[WhiteFideId "2087090"]
[BlackFideId "2051192"]
[EventDate "2018.01.18"]

1. b3 e5 2. Bb2 Nc6 3. Nf3 e4 4. Nd4 Nf6 5. e3 d5 6. Be2 Nxd4 7. Bxd4 Bd6 8. c4
dxc4 9. Bxc4 O-O 10. Nc3 Bf5 11. h3 Bg6 12. f4 Bxf4 13. O-O Bg5 14. Qe1 Nh5 15.
Ne2 Bf6 16. g4 Bxd4 17. gxh5 Bxa1 18. hxg6 hxg6 19. Qxa1 Qxd2 20. Qc3 Qd7 21.
Nf4 Kh7 22. b4 Rae8 23. Rf2 g5 24. Nh5 Qd1+ 25. Kg2 Qxh5 26. Be2 Qg6 27. Qxc7 f5
28. Bb5 Re6 29. Qc5 Ref6 30. Qxa7 f4 31. Qxb7 g4 32. exf4 gxh3+ 33. Kxh3 Qh5+
34. Kg2 Rg6+ 35. Kf1 Qd1# 0-1

[Event "PRO League Group Stage"]
[Site "chess.com INT"]
[Date "2018.02.28"]
[Round "8"]
[White "Grandelius, Nils"]
[Black "Vaibhav, Suri"]
[Result "0-1"]
[WhiteTitle "GM"]
[BlackTitle "GM"]
[WhiteElo "2647"]
[BlackElo "2542"]
[WhiteTeam "Norway Gnomes"]
[BlackTeam "Delhi Dynamite"]
[WhiteFideId "1710400"]
[BlackFideId "5045185"]
[EventDate "2018.01.18"]

1. e4 c5 2. Nf3 e6 3. Nc3 Nc6 4. Bb5 Nd4 5. O-O a6 6. Bd3 Nxf3+ 7. Qxf3 Qc7 8.
Qg3 Qxg3 9. hxg3 b5 10. b3 Bb7 11. a4 b4 12. Nd1 Ne7 13. Ne3 Nc6 14. Bb2 f6 15.
Nc4 O-O-O 16. e5 Be7 17. Rae1 Kc7 18. f4 f5 19. g4 fxg4 20. f5 Bh4 21. Re4 h5
22. fxe6 dxe6 23. Rf7+ Rd7 24. Rxd7+ Kxd7 25. Nd6 Ba8 26. Rf4 Nd8 27. Bxa6 Bg5
28. Bb5+ Bc6 29. Rf2 Be7 30. d4 Bxd6 31. exd6 Bxb5 32. axb5 Kxd6 33. d5 e5 34.
Rf5 Re8 35. Rxh5 Kxd5 36. Rg5 Re7 37. Kf2 Nb7 38. Ke2 Nd6 39. b6 c4 40. Rxg4 Kc5
41. Rg6 c3 42. Bc1 Nf5 43. Be3+ Nd4+ 44. Kf2 Kd5 45. Bg5 Rf7+ 46. Kg3 Nxc2 47.
Bd8 Nd4 48. Bc7 c2 49. Rd6+ Ke4 0-1

[Event "PRO League Group Stage"]
[Site "chess.com INT"]
[Date "2018.02.28"]
[Round "8"]
[White "Nagle, Sean"]
[Black "Iturrizaga Bonelli, Eduardo"]
[Result "0-1"]
[WhiteTitle "IM"]
[BlackTitle "GM"]
[WhiteElo "2432"]
[BlackElo "2650"]
[WhiteTeam "Minnesota Blizzard"]
[BlackTeam "Miami Champions"]
[WhiteFideId "2013878"]
[BlackFideId "3901211"]
[EventDate "2018.01.18"]

1. Nf3 c5 2. c3 Nf6 3. d4 b6 4. Bg5 Bb7 5. Bxf6 gxf6 6. e3 f5 7. Nbd2 e6 8. g3
Nc6 9. Bg2 Bg7 10. O-O O-O 11. a3 d5 12. b4 Qe7 13. bxc5 bxc5 14. Nb3 cxd4 15.
cxd4 Ba6 16. Re1 Bc4 17. Nc5 Rab8 18. Nd2 Na5 19. Qa4 Qc7 20. Rab1 Rfc8 21. Rxb8
Rxb8 22. Nxc4 Nxc4 23. Na6 Nb2 24. Nxc7 Nxa4 25. Bf1 Bf8 26. Bb5 Nc3 27. a4 Rb7
28. Rc1 Rxc7 0-1

[Event "PRO League Group Stage"]
[Site "chess.com INT"]
[Date "2018.02.28"]
[Round "8"]
[White "Nagle, Sean"]
[Black "Ludwig, John"]
[Result "0-1"]
[WhiteTitle "IM"]
[WhiteElo "2432"]
[BlackElo "2388"]
[WhiteTeam "Minnesota Blizzard"]
[BlackTeam "Miami Champions"]
[WhiteFideId "2013878"]
[BlackFideId "2075512"]
[EventDate "2018.01.18"]

1. Nf3 c5 2. c3 Nf6 3. d4 e6 4. Bf4 d5 5. e3 Nc6 6. Bd3 Bd6 7. Bg3 O-O 8. Nbd2
b6 9. Ne5 Bb7 10. f4 Ne7 11. Qb1 g6 12. Bh4 Nf5 13. Bf2 Bxe5 14. fxe5 Ng4 15.
Bxf5 exf5 16. Nf3 f6 17. h3 Nxf2 18. Kxf2 fxe5 19. Nxe5 f4 20. exf4 Rxf4+ 21.
Nf3 Qf6 22. Qd3 cxd4 23. cxd4 Bc8 24. Qe3 Re4 25. Qg5 Qxg5 26. Nxg5 Rxd4 27.
Rhd1 Rxd1 28. Rxd1 Bb7 29. Rc1 Rf8+ 30. Ke3 h6 31. Nf3 d4+ 32. Nxd4 Bxg2 33. h4
Bd5 34. Rc7 Rf7 35. Rc8+ Kg7 36. a3 g5 37. hxg5 hxg5 38. Rd8 Bb7 39. Rd6 Bc8 40.
Nf3 g4 41. Ng5 Rf1 42. Rc6 Bf5 43. Rc7+ Kg6 44. Nf7 g3 45. Ne5+ Kf6 46. Nf3 g2
47. Rc6+ Be6 48. Rc1 Rxc1 0-1

[Event "PRO League Group Stage"]
[Site "chess.com INT"]
[Date "2018.02.28"]
[Round "8"]
[White "Kukk, Sander"]
[Black "Melkumyan, Hrant"]
[Result "1/2-1/2"]
[BlackTitle "GM"]
[WhiteElo "2178"]
[BlackElo "2654"]
[WhiteTeam "Estonia Horses"]
[BlackTeam "Armenia Eagles"]
[WhiteFideId "4502094"]
[BlackFideId "13302485"]
[EventDate "2018.01.18"]

1. b3 d5 2. e3 Nf6 3. Bb2 c6 4. Nf3 Bf5 5. d4 e6 6. Bd3 Bb4+ 7. c3 Bd6 8. O-O
Nbd7 9. c4 O-O 10. Nc3 Ne4 11. Qc2 Ndf6 12. h3 Qc7 13. Nd2 Nxd2 14. Qxd2 a6 15.
Rac1 Qe7 16. Qc2 Bxd3 17. Qxd3 Rad8 18. e4 e5 19. dxe5 Bxe5 20. exd5 cxd5 21.
cxd5 Qd6 22. Rcd1 Rfe8 23. Rfe1 h6 24. Na4 b5 25. Bxe5 Rxe5 26. Rxe5 Qxe5 27.
Nc3 b4 28. Ne2 Rxd5 29. Qc2 Qe4 30. Qc8+ Kh7 31. Rxd5 Nxd5 32. Qxa6 Nc3 33. Ng3
Qe1+ 34. Qf1 Qd2 35. Qc4 Qe1+ 36. Qf1 Qe5 37. Qc4 f5 38. Qxb4 f4 39. Nf1 f3 40.
gxf3 Ne2+ 41. Kh1 Nd4 42. Qd2 Kh8 43. Qe3 Qf6 44. Nh2 Nf5 45. Qe8+ Kh7 46. Qe4
h5 47. b4 g6 48. b5 Qa1+ 49. Kg2 Qf6 50. a4 Nh4+ 51. Kg1 Qg5+ 52. Kf1 Qc1+ 53.
Qe1 Qc4+ 54. Kg1 Nf5 55. Nf1 Qxa4 56. Qe2 Nd4 57. Qe7+ Kh6 58. Qe3+ Kh7 59. Qe7+
Kh6 60. Qf8+ Kh7 61. Qf7+ Kh6 62. Qf4+ Kh7 63. Qf7+ Kh6 64. Qf4+ Kh7 65. Qf7+
Kh6 1/2-1/2

[Event "PRO League Group Stage"]
[Site "chess.com INT"]
[Date "2018.02.28"]
[Round "8"]
[White "Kukk, Sander"]
[Black "Grigoryan, Karen H."]
[Result "0-1"]
[BlackTitle "GM"]
[WhiteElo "2178"]
[BlackElo "2581"]
[WhiteTeam "Estonia Horses"]
[BlackTeam "Armenia Eagles"]
[WhiteFideId "4502094"]
[BlackFideId "13301004"]
[EventDate "2018.01.18"]

1. b3 d5 2. e3 Bf5 3. Bb2 e6 4. Nf3 h6 5. d4 Nf6 6. Bd3 Bd6 7. O-O O-O 8. c4 c6
9. Nc3 Nbd7 10. Qc2 Bg4 11. Ne1 dxc4 12. Bxc4 e5 13. dxe5 Nxe5 14. Be2 Qe7 15.
h3 Bxe2 16. Qxe2 Ng6 17. Nf3 Ba3 18. Rfd1 Nf4 19. Qc2 Bxb2 20. Qxb2 N4d5 21.
Nxd5 Nxd5 22. Rd4 a5 23. a3 Ra6 24. Rad1 Rb6 25. Rg4 Qf6 26. Rgd4 Rb5 27. Qc2
Qe7 28. a4 Rb4 29. Rxb4 Qxb4 30. Rd4 Qe7 31. Qd2 Qa3 32. Qd3 Qc1+ 33. Kh2 Qc5
34. Qc4 Qe7 35. Qd3 Re8 36. Qd2 Qc7+ 37. Kg1 Qb6 38. Qd3 Qc5 39. Rc4 Qa3 40. Rd4
Qb2 41. g4 Re6 42. Kg2 Rxe3 43. Qf5 Rxf3 44. Kxf3 Qxd4 45. Qc8+ Kh7 46. Qf5+ g6
47. Qxf7+ Qg7 48. Qe8 Qc3+ 49. Kg2 Nf4+ 50. Kg1 Nxh3+ 51. Kh2 Ng5 52. Kg1 Qxb3 0-1